000
00360nam a2200157Ia 4500
005
20250603144905.0
008
250603s9999 xx 000 0 und d
050
_a
KN 94 .R6/
100
_a
Nicholas, a.Robinson
245
0
_a
Enviromental Law
260
_a
New york
260
_b
Law Journal Press
260
_c
2014
650
_a
New york
942
_c
BK
999
_c
40253
_d
40253